000 00712 a2200229 4500
005 20260327111128.0
008 260327b |||||||| |||| 00| 0 eng d
020 _a9789360625436 (hbk)
037 _cTB
040 _aCRL
_cCRL
041 _2URD
_aURD
084 _aO168,2x R5
_bCRL
100 _aHussain, Mohammad Shahid
_91115747
245 _aEk turfa-e-tamasha
260 _aNew Delhi, India:
_bEducational publishing house,
_c2025.
300 _a208p.
365 _b350.00
_cINR
650 _aUrdu Literature
650 _aUrdu Drama
942 _cTB
_2CC
_hO168,2x R5
999 _c1679637
_d1679637